| 000 | 00420nam a2200169 a 4500 | ||
|---|---|---|---|
| 001 | 0000-9161 | ||
| 003 | ELIB.Books | ||
| 008 | 110520 1975 | ||
| 035 | _a(ELIB.Books)0000-9313 | ||
| 082 |
_a264 _bOrt |
||
| 100 | _aOrtlund, Anne | ||
| 245 | _aUp with Worship | ||
| 260 |
_bGlendale: A Division of G/L Publications _c1975 |
||
| 650 | _aPrayer | ||
| 942 |
_2ddc _cBK |
||
| 998 |
_cbat _e2011-05-20 |
||
| 999 |
_c9161 _d9161 |
||